Normal view MARC view

Entry Topical Term

Number of records used in: 1

001 - CONTROL NUMBER

  • control field: 23658

003 - CONTROL NUMBER IDENTIFIER

  • control field:

005 - DATE AND TIME OF LATEST TRANSACTION

  • control field: 20230830144432.0

008 - FIXED-LENGTH DATA ELEMENTS

  • fixed length control field: 230830|| aca||aabn | a|a d

040 ## - CATALOGING SOURCE

  • Original cataloging agency:
  • Transcribing agency:

150 ## - HEADING--TOPICAL TERM

  • Topical term or geographic name entry element: Motor vehicles
  • Form subdivision: Maintenance and repair
  • General subdivision: Study and teaching

670 ## - SOURCE DATA FOUND

  • Source citation: Work cat.: ()11765: MUDD, S. C. aut 23656, Technology for motor mechanics :, 1972

National Library of Nigeria OPAC is powered by Koha